000 00347nam a22001217a 4500
082 _a491.43903
_bPLA
100 _aPlatts, John T.
245 _aA dictionary of Urdu classical Hindi and English /
_cJohn T. Platts
260 _aLondon :
_bOxford University Press,
_c1968.
300 _a1259 p. ;
_c26 cm.
563 _aHB.
942 _2ddc
_cBK
999 _c616236
_d616236